Guia y plano general de Madrid (Record no. 166974)

MARC details
000 -LEADER
campo de control de longitud fija 00732nam a22002055i 4500
001 - NÚMERO DE CONTROL
campo de control 166974
003 - IDENTIFICADOR DE NÚMERO DE CONTROL
campo de control ES-MaACL
005 - FECHA Y HORA DE LA ÚLTIMA TRANSACCIÓN
campo de control 20230906213432.0
008 - DATOS DE LONGITUD FIJA--INFORMACIÓN GENERAL
campo de control de longitud fija 000926s1883 sp e |||| | spa d
040 ## - FUENTE DE CATALOGACIÓN
Centro catalogador/agencia de origen CYL
Lengua de catalogación spa
Centro/agencia transcriptor CYL
100 10 - ENTRADA PRINCIPAL--NOMBRE DE PERSONA
Nombre de persona Valverde Valverde, Emilio.
9 (RLIN) 133537
245 10 - MENCIÓN DEL TÍTULO
Título Guia y plano general de Madrid
Resto del título : comercial, industrial y artística /
Mención de responsabilidad, etc. por Emilio Valverde Valverde.
260 0# - PUBLICACIÓN, DISTRIBUCIÓN, ETC.
Lugar de publicación, distribución, etc. Madrid :
Nombre del editor, distribuidor, etc. Librería, Imprenta y Biblioteca militar,
Fecha de publicación, distribución, etc. 1883.
300 ## - DESCRIPCIÓN FÍSICA
Extensión 344, 66 p., [1] h. de plano pleg. col. ;
Dimensiones 20cm.
594 ## - Nota al título y mención de responsabilidad
Nota al título y mención de responsabilidad Precede al tít.: La capital de España.
651 #4 - PUNTO DE ACCESO ADICIONAL DE MATERIA--NOMBRE GEOGRÁFICO
Nombre geográfico Madrid-
Subdivisión de forma Guías.
9 (RLIN) 224476
752 ## - ENTRADA AGREGADA--NOMBRE JERÁRQUICO DEL LUGAR
País o entidad superior España -
Ciudad Madrid
852 ## - LOCALIZACIÓN
Ubicación ES-MaACL
Número de control de estantería G-10074
Nota libre -- Enc. tela
Holdings
Estatus retirado Estado de pérdida Estado de daño No para préstamo Colección Biblioteca de origen Biblioteca actual Ubicación en estantería Fecha de adquisición Fuente de adquisición Total de préstamos Signatura topográfica completa Código de barras Visto por última vez Precio de reemplazo Tipo de ítem Koha
        Libros del s. XIX Biblioteca del Ateneo de Madrid Biblioteca del Ateneo de Madrid Sala Pecera Planta 3 17/01/2008     G-10074 1175152 23/02/2023 23/02/2023 Libro impreso antiguo